Vine's complete expository dictionary of Old and New Testament words : (Record no. 14853)
[ view plain ]
| 000 -LEADER | |
|---|---|
| fixed length control field | 01059nam a22002652 4500 |
| 001 - CONTROL NUMBER | |
| control field | 0000000699 |
| 005 - DATE AND TIME OF LATEST TRANSACTION | |
| control field | 20151217161127.0 |
| 008 - FIXED-LENGTH DATA ELEMENTS--GENERAL INFORMATION | |
| fixed length control field | 070215s xx 000 0 eng d |
| 020 ## - INTERNATIONAL STANDARD BOOK NUMBER | |
| International Standard Book Number | 0785211608 : |
| Terms of availability | KES 2,400 |
| 040 ## - CATALOGING SOURCE | |
| Original cataloging agency | KABU |
| Transcribing agency | KABU |
| 050 #0 - LIBRARY OF CONGRESS CALL NUMBER | |
| Classification number | BS440 |
| Item number | .V56 1996 |
| 100 1# - MAIN ENTRY--PERSONAL NAME | |
| Personal name | Vine, William Edwy, |
| Dates associated with a name | 1873-1949. |
| -- | 0000149000 |
| 245 10 - TITLE STATEMENT | |
| Title | Vine's complete expository dictionary of Old and New Testament words : |
| Remainder of title | with topical index / |
| Statement of responsibility, etc. | W. E. Vine; [edited by] Merrill F. Unger, William White, Jr. |
| 246 3# - VARYING FORM OF TITLE | |
| Title proper/short title | Complete expository dictionary of Old and New Testament words |
| 260 ## - PUBLICATION, DISTRIBUTION, ETC. (IMPRINT) | |
| Place of publication, distribution, etc. | Nashville : |
| Name of publisher, distributor, etc. | T.elson, |
| Date of publication, distribution, etc. | c1996. |
| 300 ## - PHYSICAL DESCRIPTION | |
| Extent | xviii, 755, 68 p. ; |
| Dimensions | 25 cm. |
| 650 #0 - SUBJECT ADDED ENTRY--TOPICAL TERM | |
| Topical term or geographic name as entry element | Bible |
| Form subdivision | Dictionaries. |
| -- | 0000148983 |
| 700 1# - ADDED ENTRY--PERSONAL NAME | |
| Personal name | Unger, Merrill F. |
| -- | 0000149001 |
| 700 1# - ADDED ENTRY--PERSONAL NAME | |
| Personal name | White, William. |
| -- | 0000023791 |
| 852 1# - LOCATION | |
| -- | p2250 KES |
| 852 1# - LOCATION | |
| -- | p2250 KES |
| 908 ## - PUT COMMAND PARAMETER (RLIN) | |
| Put command parameter | 070215 |
| 950 ## - LOCAL HOLDINGS (RLIN) | |
| -- | 1 |
| Withdrawn status | Lost status | Source of classification or shelving scheme | Not for loan | Home library | Current library | Date acquired | Total Checkouts | Full call number | Barcode | Date last seen | Price effective from | Koha item type | Shelving location | Source of acquisition | Inventory number | Copy number |
|---|---|---|---|---|---|---|---|---|---|---|---|---|---|---|---|---|
| Library of Congress Classification | Not For Loan | Kabarak, Main Campus | Kabarak, Main Campus | 17/12/2015 | BS440 .V56 1996 | 004104 | 17/12/2015 | 17/12/2015 | Reference | |||||||
| Library of Congress Classification | Not For Loan | Kabarak, Main Campus | Kabarak, Main Campus | 17/12/2015 | BS440 .V56 1996 | 014704 | 17/12/2015 | 17/12/2015 | Reference | |||||||
| Library of Congress Classification | Not For Loan | Kabarak, Main Campus | Kabarak, Main Campus | 17/12/2015 | BS440 .V56 1996 | 014701 | 17/12/2015 | 17/12/2015 | Reference | |||||||
| Library of Congress Classification | Not For Loan | Kabarak, Main Campus | Kabarak, Main Campus | 17/12/2015 | BS440 .V56 1996 C.4 | 38806 | 17/03/2026 | 17/12/2015 | Reference | Reference | Donation | 2025/2459 | C.4 |